000
00307nam a2200109Ia 4500
008
230320s9999||||xx |||||||||||||| ||spa||
082
_a
343.51/C31
100
_a
Chávez Molina, Juan.
245
0
_a
Mis Votos Singulares : Historia Del Fraude Que Nunca Se Debe Repetir
260
_b
Horizonte
942
_8
0
_c
LIB
999
_c
52494
_d
52494